| 000 | 00457nam a2200157Ia 4500 | ||
|---|---|---|---|
| 008 | 210716s2004 xx 000 0 und d | ||
| 020 | _a8176495581 | ||
| 041 | _aeng | ||
| 082 | _a651.7 MANS | ||
| 100 | _aMandel, Steve. | ||
| 245 |
_aEffective presentation skills: practical guide for better speaking. _bPractical guide for better speaking. |
||
| 250 | _a3 | ||
| 260 |
_aNew Delhi _bViva Books _c2004 |
||
| 300 | _a94 | ||
| 650 | _aBusiness Communication | ||
| 999 |
_c202733 _d202733 |
||